000 01063nam a22002537a 4500
999 _c8017
_d8017
003 AR-CdUCM
008 190322b ||||| |||| 00| 0 spa d
040 _aMUNICIPALIDAD PROVINCIAL DEL CUSCO
_cBIBLIOTECA MUNICIPAL DEL CUSCO
082 _a570 /
_bW54
100 _aWhite, Emil H.
_922655
245 _aFundamentos Químicos de las Ciencias Biológicas /
260 _aMéxico :
_bHispano Americana ;
_c1966.
300 _a261 páginas ;
_bFórmulas, tablas, diagramas
_c17cm
440 _aColección Manuales Uteha
_n243/243a
_922656
500 _aSección 4
505 _aContenido: Materia, átomos y moléculas -- Reacciones químicas -- Química orgánica: los hidrocarburos -- Compuestos orgánicos que contienen oxígeno -- Compuestos orgánicos que contienen nitrógeno...
650 _aNitrógeno
_922657
650 _aOxígeno
_922658
650 _aCompuestos orgánicos
_922659
700 _aCalva Pellicer, Cesar M. (traducción)
_922660
700 _aCalva Pellicer, Francisco (traducción)
_922661
942 _2ddc
_cLIBROS
945 _anom